Physical Education 3 : (Record no. 364548)
[ view plain ]
| 000 -LEADER | |
|---|---|
| fixed length control field | 00609nam a2200133Ia 4500 |
| 008 - FIXED-LENGTH DATA ELEMENTS--GENERAL INFORMATION | |
| fixed length control field | 200928s9999 xx 000 0 und d |
| 020 ## - INTERNATIONAL STANDARD BOOK NUMBER | |
| International Standard Book Number | 978-971-9676-18-8 |
| 100 ## - MAIN ENTRY--PERSONAL NAME | |
| Personal name | Calicdan, Antonio V. |
| 245 ## - TITLE STATEMENT | |
| Statement of responsibility, etc | Antonio V. Calicdan, Robert G. Sison, Melanie B. Coronongan, Arlene B. Kon-ek, Juliet L. Abad, Gwendaly R. Cruz.-- |
| Title | Physical Education 3 : |
| Remainder of title | Book -2 Individual /Dual sports / |
| 260 ## - PUBLICATION, DISTRIBUTION, ETC. (IMPRINT) | |
| Place of publication, distribution, etc | Malabon City : |
| Name of publisher, distributor, etc | Jimczyville Publicaions |
| Date of publication, distribution, etc | 2015 |
| 300 ## - PHYSICAL DESCRIPTION | |
| Extent | vi , 178 pages : |
| Other physical details | illustrations ; |
| Dimensions | 25 cm. |
| 650 ## - SUBJECT ADDED ENTRY--TOPICAL TERM | |
| Topical term or geographic name as entry element | Physical education and training |
| 650 ## - SUBJECT ADDED ENTRY--TOPICAL TERM | |
| Topical term or geographic name as entry element | Physical education and training -- study and teaching |
| Withdrawn status | Lost status | Damaged status | Home library | Current library | Shelving location | Date acquired | Source of acquisition | Total Checkouts | Total Renewals | Full call number | Barcode | Date last seen | Date checked out | Price effective from | Koha item type |
|---|---|---|---|---|---|---|---|---|---|---|---|---|---|---|---|
| College Library | College Library | Filipiniana Section | 09/28/2020 | Library Fund | 1 | 1 | GV 361 .C153 2015 | C22657 | 09/25/2023 | 09/21/2023 | 09/28/2020 | Books |